<?xml version="1.0" encoding="UTF-8"?>
<record
    xmlns:xsi="http://www.w3.org/2001/XMLSchema-instance"
    xsi:schemaLocation="http://www.loc.gov/MARC21/slim http://www.loc.gov/standards/marcxml/schema/MARC21slim.xsd"
    xmlns="http://www.loc.gov/MARC21/slim">

  <leader>00670    a2200181   4500</leader>
  <controlfield tag="001">134334</controlfield>
  <datafield tag="020" ind1=" " ind2=" ">
    <subfield code="a">85-99386-02-6</subfield>
  </datafield>
  <datafield tag="040" ind1=" " ind2=" ">
    <subfield code="c">Leonardo Da Vinci</subfield>
  </datafield>
  <datafield tag="041" ind1=" " ind2=" ">
    <subfield code="a">Portugu&#xEA;s</subfield>
  </datafield>
  <datafield tag="082" ind1=" " ind2=" ">
    <subfield code="a">351.981 S655g</subfield>
    <subfield code="b">S655g</subfield>
  </datafield>
  <datafield tag="100" ind1=" " ind2=" ">
    <subfield code="a">SOARES, Luiz Antonio Alves</subfield>
  </datafield>
  <datafield tag="245" ind1=" " ind2=" ">
    <subfield code="a">Guerreiro Ramos</subfield>
    <subfield code="b">considera&#xE7;&#xF5;es cr&#xED;ticas a respeito da sociedade centrada no
mercado</subfield>
  </datafield>
  <datafield tag="260" ind1=" " ind2=" ">
    <subfield code="b">Conselho Regional de Administra&#xE7;&#xE3;o</subfield>
    <subfield code="c">2005</subfield>
    <subfield code="a">Rio de Janeiro</subfield>
  </datafield>
  <datafield tag="300" ind1=" " ind2=" ">
    <subfield code="a">126</subfield>
  </datafield>
  <datafield tag="362" ind1=" " ind2=" ">
    <subfield code="a">20050000</subfield>
  </datafield>
  <datafield tag="697" ind1=" " ind2=" ">
    <subfield code="a">Administra&#xE7;&#xE3;o p&#xFA;blica</subfield>
    <subfield code="a">Guerreiro Ramos</subfield>
    <subfield code="a">Economia de mercado</subfield>
    <subfield code="a">Crise econ&#xF4;mica</subfield>
    <subfield code="a">Economia pol&#xED;tica</subfield>
    <subfield code="a">Conjuntura pol&#xED;tica brasileira</subfield>
    <subfield code="a">Governo Reagan</subfield>
    <subfield code="a">FIPEN</subfield>
    <subfield code="a">Brasil</subfield>
  </datafield>
  <datafield tag="942" ind1=" " ind2=" ">
    <subfield code="c">BK</subfield>
  </datafield>
  <datafield tag="952" ind1=" " ind2=" ">
    <subfield code="0">0</subfield>
    <subfield code="1">0</subfield>
    <subfield code="4">0</subfield>
    <subfield code="7">0</subfield>
    <subfield code="a">71.1</subfield>
    <subfield code="b">71.1</subfield>
    <subfield code="d">2024-03-27</subfield>
    <subfield code="l">0</subfield>
    <subfield code="o">351.981 S655g</subfield>
    <subfield code="p">O009136</subfield>
    <subfield code="r">2024-03-27 22:33:44</subfield>
    <subfield code="w">2024-03-27</subfield>
    <subfield code="y">BK</subfield>
  </datafield>
  <datafield tag="999" ind1=" " ind2=" ">
    <subfield code="c">134334</subfield>
    <subfield code="d">134334</subfield>
  </datafield>
</record>
